000
00313nam a2200133Ia 4500
008
191201s2001 xx 000 0 und d
100
_a
GOLDFRAB, Charles
245
0
_a
XML Handbook
250
_a
3rd
260
_a
N.Delhi
_b
Pearson Practice Hall
_c
2001
300
_a
988
650
_a
B.Tech(IT)
942
_2
ddc
_c
BK
999
_c
3036
_d
3036